000 01263cam a2200361 a 4500
001 13411453
003 OSt
005 20180116192418.0
008 031121r20021998enkae 001 0 eng
010 _a 2003282213
015 _aGBA2-W1633
020 _a1840912898
035 _a(OCoLC)ocm50176554
040 _aUKM
_cUKM
_dOCLCQ
_dDLC
042 _alccopycat
050 0 0 _aNA2793
_b.N53 2003
082 0 0 _a729
_222
100 1 _aNiesewand, Nonie.
_96939
245 1 0 _aConverted spaces /
_cNonie Niesewand ; with an introduction by Terence Conran.
260 _aLondon :
_bConran Octopus,
_c2002.
300 _a220 p. :
_bcol. ill., plans ;
_c30 cm.
500 _aOriginally published: 1998.
500 _aIncludes index.
650 0 _aBuildings
_xRemodeling for other use.
_96940
650 0 _aInterior architecture.
_96941
650 0 _aRoom layout (Dwellings)
_96942
650 0 _aSpace (Architecture)
_96943
650 0 _aArchitecture, Modern
_y20th century.
_96944
906 _a7
_bcbc
_ccopycat
_d2
_encip
_f20
_gy-gencatlg
942 _2ddc
_cBK
999 _c353793
_d353793